Ακαδημεικά αναγνώσματα : εις την ελληνικήν , λατινικήν και μικρόν εις την ινδικήν γραμματικήν

Αποθηκεύτηκε σε:
Λεπτομέρειες βιβλιογραφικής εγγραφής
Κύριος συγγραφέας: Χατζιδάκις, Γεώργιος Ν. 1848-1941
Μορφή: Βιβλίο
Γλώσσα:Greek
Δημοσίευση: Εν Αθήναις : Τύποις Π.Δ. Σακελλαρίου, 1902-1904
Σειρά:Βιβλιοθήκη Μαρασλή
Θέματα:
Ετικέτες: Προσθήκη ετικέτας
Δεν υπάρχουν, Καταχωρήστε ετικέτα πρώτοι!

MARC

LEADER 00000cam a2200000 i 4500
001 1/36776
008 131003m19021904 gre d
035 |l 10115709 
040 |a GR-MY-UA  |b gre  |e aacr 
041 0 |a gre 
082 0 |a 489.35  |2 (22) 
100 1 |a Χατζιδάκις, Γεώργιος Ν.  |d 1848-1941. 
245 1 0 |a Ακαδημεικά αναγνώσματα :  |b εις την ελληνικήν , λατινικήν και μικρόν εις την ινδικήν γραμματικήν /  |c υπό Γεωργίου Ν. Χατζιδάκι 
260 |a Εν Αθήναις :   |b Τύποις Π.Δ. Σακελλαρίου,   |c 1902-1904 
300 |a 2 τ.;  |c 25 εκ. 
490 1 |a Βιβλιοθήκη Μαρασλή 
500 |a Στο verso ετικέτα "Τη Πορφυριάδι Σχολή Καρλοβασίων Δημήτριος Γ. Μανταφούνης" 
650 0 0 |a Greek language  |x Grammar. 
650 0 0 |a Latin language  |x Grammar. 
830 0 |a Βιβλιοθήκη Μαρασλή 
852 |a INST  |b SAMOS  |c PORFYRIADA  |e 20131125  |h 489.35 ΧΑΤ  |p 005300036066  |q 005300036066  |t NOLOAN  |y 23  |z τ.2 
852 |a INST  |b SAMOS  |c PORFYRIADA  |e 20131003  |h 489.35 ΧΑΤ  |p 005300040604  |q 005300040604  |t NOLOAN  |y 23  |z τ.1 
852 |a INST  |b SAMOS  |c PORFYRIADA  |e 20131125  |h 489.35 ΧΑΤ  |p 005300036066  |q 005300036066  |t NOLOAN  |v τ.2:  |y 23  |z τ.2 
852 |a INST  |b SAMOS  |c PORFYRIADA  |e 20131003  |h 489.35 ΧΑΤ  |p 005300040604  |q 005300040604  |t NOLOAN  |v τ.1:  |y 23  |z τ.1 
853 |a INST  |b SAMOS  |c PORFYRIADA  |h 489.35 ΧΑΤ 
901 |a BIBL3-2013-3 
909 |a Σ  |b 184242 
909 |a Σ  |b 178798 
970 |a ΚΟΣΙΕΡΗΣ  |b ΧΡΗΣΤΟΣ  |z 2013/10/03